000 00330nam a2200181Ia 4500
100 _aDowney/Allen B
650 _aPython
250 _a2
942 _cBK
366 _f20
654 _apython
245 _aThink Python
260 _bOreilly
_c2016
082 _bDOW
300 _a268
546 _aENGLISH
999 _c28006
_d28006